Somalia : Enhanced Heavily-Indebted Poor Countries (HIPC) Initiative-Preliminary Document.

This Enhanced Heavily Indebted Poor Countries (HIPC) Initiative Program's preliminary document discusses that as per the agreement by the IMF, Somalia can be eligible for debt relief under the Enhanced HIPC Initiative. It provides a clear recognition of Somalia's sustained commitment to ke...

Descripció completa

Dades bibliogràfiques
Autor corporatiu: International Monetary Fund. Middle East and Central Asia Dept
Format: Revista
Idioma:English
Publicat: Washington, D.C. : International Monetary Fund, 2020.
Col·lecció:IMF Staff Country Reports; Country Report ; No. 2020/044
Accés en línia:Full text available on IMF
LEADER 02270cas a2200241 a 4500
001 AALejournalIMF016245
008 230101c9999 xx r poo 0 0eng d
020 |c 5.00 USD 
020 |z 9781513530208 
022 |a 1934-7685 
040 |a BD-DhAAL  |c BD-DhAAL 
110 2 |a International Monetary Fund.  |b Middle East and Central Asia Dept. 
245 1 0 |a Somalia :   |b Enhanced Heavily-Indebted Poor Countries (HIPC) Initiative-Preliminary Document. 
264 1 |a Washington, D.C. :  |b International Monetary Fund,  |c 2020. 
300 |a 1 online resource (52 pages) 
490 1 |a IMF Staff Country Reports 
500 |a <strong>Off-Campus Access:</strong> No User ID or Password Required 
500 |a <strong>On-Campus Access:</strong> No User ID or Password Required 
506 |a Electronic access restricted to authorized BRAC University faculty, staff and students 
520 3 |a This Enhanced Heavily Indebted Poor Countries (HIPC) Initiative Program's preliminary document discusses that as per the agreement by the IMF, Somalia can be eligible for debt relief under the Enhanced HIPC Initiative. It provides a clear recognition of Somalia's sustained commitment to key economic and financial reforms under consecutive staff-monitored programs with the IMF. Helping Somalia achieve debt relief and unlock access to the needed resources to increase growth and reduce poverty is a key priority for the IMF. Once Somalia has reached the Completion Point, it would qualify for unconditional debt relief under the HIPC Initiative, and for debt relief under the Multilateral Debt Relief Initiative (MDRI) from the World Bank's International Development Association and the African Development Fund, together with beyond-HIPC assistance from the IMF. Paris Club creditors are also expected to provide further beyond-HIPC assistance at the Completion Point. With HIPC, MDRI and beyond HIPC assistance, Somalia's NPV of debt-to-exports ratio is projected to decline from 491.7 percent in 2018 to 57.0 percent in 2027 and 41.5 percent in 2038. 
538 |a Mode of access: Internet 
830 0 |a IMF Staff Country Reports; Country Report ;  |v No. 2020/044 
856 4 0 |z Full text available on IMF  |u http://elibrary.imf.org/view/journals/002/2020/044/002.2020.issue-044-en.xml  |z IMF e-Library